La ciudad de los niños : un modo nuevo de pensar la ciudad /

El autor de esta obra ofrece una serie de propuestas en que, con base en las necesidades de los niños como futuros pobladores adultos de las ciudades, éstas se planeen teniendo a los infantes como parámetro. Se trata de ciudades en que los ciudadanos sean parte de la proyección, de su cuidado, donde...

Descripción completa

Guardado en:
Detalles Bibliográficos
Autor principal: Tonucci, Francesco (autor)
Formato: Libro
Idioma:Español
Publicado: Buenos Aires, Argentina : Losada : UNICEF, 1999, c1999
Edición:2a edición
Colección:(Biblioteca Pedagógica Losada) [s.n.]
Temas:
Etiquetas: Agrega una etiqueta
Sin etiquetas, Sé el primero en etiquetar este registro!

MARC

LEADER 00000nam^a2200000^a^4500
001 000177558
005 20250521000000.0
009 20260310101718.434
020 |a 950-03-8376-4 
037 |a Acervo ITESO - Biblioteca 
041 |a ESP 
082 |a 711. 409  |b TON 
100 |a Tonucci, Francesco  |e (autor) 
245 1 3 |a La ciudad de los niños :  |b un modo nuevo de pensar la ciudad /  |c F. Tonucci ; tr. por Roberto Raschella. 
250 |a 2a edición 
264 4 |a Buenos Aires, Argentina :  |b Losada :  |b UNICEF,  |c 1999, c1999 
300 |a 309 p. 
336 |a texto  |b txt  |2 rdacontenido 
337 |a sin mediación  |b n  |2 rdamedio 
338 |a volumen  |b nc  |2 rdasoporte 
440 1 |a (Biblioteca Pedagógica Losada) [s.n.] 
500 |a Traducción de: La città dei bambini 
520 |a El autor de esta obra ofrece una serie de propuestas en que, con base en las necesidades de los niños como futuros pobladores adultos de las ciudades, éstas se planeen teniendo a los infantes como parámetro. Se trata de ciudades en que los ciudadanos sean parte de la proyección, de su cuidado, donde se viva armónicamente, gracias a la participación infantil. 
649 |a XX 
650 |a Niños -  |x Condiciones Sociales y Culturales 
650 |a Participación Social 
650 |a Educación Ambiental 
650 |a Ecodiseño 
650 |a Planeación Urbana 
650 |a Desarrollo Urbano 
650 |a Sociología Urbana 
650 |a Urbanismo 
910 |a Fondo General 
920 |a Impresos - Libros 
930 |a Colección General 
905 |a 101 
901 |a 0500116390  |b IT1  |c ACC  |u 20250521 
902 |a https://opac.biblio.iteso.mx/vufind/Record/000177558